1358 1239 1290 1015 1254 1270 1494 1034 1836 1612 1832 1970 1369 1016 1251 1420 1221 1112 1673 1109 1420 1828 1501 1418 1057 1593 1791 1149 1380 1878 1777 1241 1959 1510 1481 1558 1999 1816 1247 1837 1265 1192 1993 1215 1508 1003 1392 1283 1598 1981 1411 1982 1925 1910 1031 1476 1175 1353 1010 1540 1662 1802 1789 1404 1878 1466 1924 1699 1245 1019 1354 1574 1164 1698 1495 1692 1782 1210 1579 1957 1999 1745 1872 1770 1052 1393 1285 1937 1894 1623 1873 1545 1808 1224 1369 1843 1604 1289 1031 BCNSPRNW ULIB Ver.6.0+V

เปลี่ยนเป็นภาษาไทย

Change to English
 แสดงรายละเอียดบรรณานุกรม
  กลับหน้าหลัก

Brief Record : Get Marc (ISO 2709) : E-mail record : QR code < ปิดหน้าต่าง
LEADER : 00000nam 2200000uu 4500
001    13399113193
003     ULIB
008    111003s2553||||th 000 0 tha d
020    9789748354996
050 04 TT890^bศ861ศ 2553
100 0  เศรษฐมันตร์ กาญจนกุล
245 10 ศิลปะอลังการ พนมหมากพนมพลู พนมดอกไม้/^bเศรษฐมันตร์ กาญจนกุล
260    กรุงเทพฯ :^bเศรษฐศิลป์,^c2553
300    80 หน้า :^bภาพประกอบ
650  7 การประดิษฐ์ด้วยใบตอง
945    ^p250^l0^i028882
995    ทศพร
999 ^a ทศพร
รายการนี้ยังไม่มีแท็ก
คุณยังไม่ได้ล็อกอิน คุณสามารถมีกิจกรรมร่วมกับเว็บไซต์ได้ แต่ต้องล็อกอินก่อน ::
  ล็อกอิน

รายการสื่อสารสนเทศ

ลำดับที่ ประเภท เลขเรียก/บาร์โค้ด สถานที่ สถานะ
- ไม่พบข้อมูล -

รายการใกล้เคียง
    หัวเรื่อง [การประดิษฐ์ด้วยใบตอง]

BibComment


ยังไม่เคยถูกคอมเมนท์

คอมเมนท์ทรัพยากรรายการนี้
  คอมเมนท์: ศิลปะอลังการ พนมห..


 Copyright 2026. Bcnsprnw @Library